000 00281nam a22001337a 4500
008 170227b xxu||||| |||| 00| 0 eng d
020 _a9780781759014
041 _aeng
080 _25 ED
_a617
100 _a5
101 _aSHK
245 _aSURGERY
_cJARRELL.B.E
942 _2udc
_cBK
999 _c6283
_d6283